000 02074nam a2200445 a 4500
008 180504e2018 ag |||fr|||| 001 0 spa d
020 _a9789874073471
041 _aspa
092 _c158.1
_l13
_sCOR
100 1 _aCorrea Rojas, Maria del Valle
_eComp.
_93887
245 _aCalidad de vida y los determinantes sociales de los estudiante universitarios /
_cMaría del Valle Correa Rojas
250 _a1a ed.
260 _aSalta:
_bEditorial Hanne;
_c2018.
300 _a180 p.
_c20x14cm
500 _aCorrea Rojas, M. del V. (2018). Calidad de vida y los determinantes sociales de los estudiantes universitarios. (1a ed.). Salta : Editorial Hanne.
590 _aDonaciòn de la Universidad Nacional de Salta, Facultad de Ciencias de la Salud, mayo 2018.
653 _aDeterminantes sociales, calidad de vida y la universidad.
653 _aDeterminantes sociales en los estudiantes universitarios
653 _aLa otra cara de los determinantes de los estudiantes universitarios: la mirada interna.
653 _aInequidad y alimentaciòn en estudiantes universitarios.
653 _aPercepciòn de salud, alimentaciòn, imagen corporal y calidad de vida de los estudiantes universitarios.
653 _aBienestar subjetivo.
653 _aFactores conductuales modificables para enfermedad cardiovascular presentes en ingresantes universitarios.
653 _aSatisfacciòn con la calidad de vida a nivel paìs de los estudiantes universitarios.
653 _aPolitica e instituciones.
700 1 _aBurgos, Mirta Josefina.
_93890
700 1 _aDe Naón, Lidia Elbirt.
_93900
700 1 _aGoyechea, Julieta.
_93892
700 1 _aHerrera, María del Carmen.
_93893
700 1 _aHerrera, Mariela Liliana.
_93901
700 1 _aMárquez, Romina.
_93895
700 1 _aMayorga, Meri.
_93902
700 1 _aMéndez, Viviana.
_93896
700 1 _aMorales, Sonia.
_93897
700 1 _aMiguel, Nina Olivares.
_93903
700 1 _aPoderti, Verónica.
_93894
700 1 _aTejerina, José.
_93898
700 1 _aYapura, Soledad.
_93899
942 _2ddc
_cBK
999 _c2715
_d2715